Statistics for 15 Largest Cities in Afghanistan

Click here to take the quiz!

General Stats

  • This quiz has been taken 14 times
    (7 since last reset)
  • The average score is 5 of 15

Answer Stats

Population City % Correct
3,043,532Kabul
100%
391,190Kandahar
100%
272,806Herat
71%
161,902Kunduz
57%
200,331Jalalabad
43%
141,000Ghazni
43%
75,900Maymana
43%
303,282Mazar-e Sharif
29%
108,449Baghlan
14%
96,123Khost
14%
71,531Khanabad
14%
114,883Balkh
0%
103,601Gardez
0%
65,000Bazarak
0%
64,933Khulm
0%

Score Distribution

Percentile by Number Answered

Percent of People with Each Score

Your Score History

You have not taken this quiz since the last reset